000 00443nam a2200181Ia 4500
001 18048
005 20260306171602.0
008 260306s9999||||xx |||||||||||||| ||und||
041 _aESP
082 _a658.4
_bD12
100 _aDaalen, Wouter van
_eAUT
245 0 _aIlusión y beneficios:
_bcomo motivar para crear valor
260 _c2005
300 _a212 páginas :
_c
650 _aGEN
654 _aCAN
942 _cLIB
_dJUS
_fJUS
_2ddc
_n
999 _c18048
_d18048